00439nam a22001457a 4500003000500000005001700005008004100022020001800063050002500081100002800106245005100134260003800185300004500223650002500268PILC20151105133352.0151105b xxu||||| |||| 00| 0 eng d a9789719946137 aPL 6164.8b.L36 2012 aLandicho, Domingo Goan. aSulyap sa mga bayani /cDomingo Goan Landicho. aQuezon City :bC & E Pub.,c2012. aix, 141 pages :billustrations ;c23 cm. aHeroeszPhilippines.